Atomic obsession (Record no. 48345)
[ view plain ]
| 000 -LEADER | |
|---|---|
| fixed length control field | 01317nam a2200325Ia 4500 |
| 100 1# - MAIN ENTRY--AUTHOR NAME | |
| Personal name | Mueller, John E. |
| 245 10 - TITLE STATEMENT | |
| Title | Atomic obsession |
| 260 ## - PUBLICATION, DISTRIBUTION, ETC. (IMPRINT) | |
| Place of publication | New York : |
| Name of publisher | Oxford University Press, |
| Year of publication | 2009. |
| 300 ## - PHYSICAL DESCRIPTION | |
| Number of Pages | xiii, 319 p. |
| 650 #0 - SUBJECT ADDED ENTRY--TOPICAL TERM | |
| Topical Term | War on Terrorism, 2001-2009. |
| Topical Term | Nuclear weapons. |
| Topical Term | World War, 1939-1945 |
| 856 40 - ELECTRONIC LOCATION AND ACCESS | |
| Uniform Resource Identifier | http://site.ebrary.com/lib/rucke/Doc?id=10346475 |
No items available.
